000 00265nam a22001097a 4500
008 170125b xxu||||| |||| 00| 0 eng d
020 _a9781416027362
041 _aeng
080 _a618.2
245 _aNURSING CLINICS OF NORTH AMERICA
_cPREVOST, S.S
942 _2udc
_cBK
999 _c3573
_d3573